Hygienické vetranie priemyselných halových objektov s chladným typom prevádzky
Salvato in:
| Autore principale: | |
|---|---|
| Altri autori: | |
| Natura: | Manoscritto Libro |
| Lingua: | slovacco |
| Pubblicazione: |
2015
|
| Soggetti: | |
| Accesso online: | http://is.stuba.sk/zp/portal_zp.pl?podrobnosti_zp=54210 |
| Tags: |
Nessun Tag, puoi essere il primo ad aggiungerne!!
|
MARC
| LEADER | 00000ntm a22000003a 4500 | ||
|---|---|---|---|
| 001 | stuzp54210 | ||
| 003 | SK-STU | ||
| 005 | 20160715123520.9 | ||
| 007 | ta | ||
| 008 | 150427s2015----xo-----f-mn---000-0-slo-d | ||
| 040 | |a STU |b slo | ||
| 041 | 0 | |a slo | |
| 100 | 1 | |a Straková, Zuzana |u 010290 |4 aut |U SvF Stavebná fakulta |T SvF Katedra technických zariadení budov |X 1647 |U V290 |Y 31 |7 1647 | |
| 242 | 0 | 1 | |a Hygienic Ventilation of Industrial Hall Buildings with the Cold Storage Facilities |y eng |
| 245 | 1 | 0 | |a Hygienické vetranie priemyselných halových objektov s chladným typom prevádzky |
| 260 | |c 2015 | ||
| 650 | 4 | |a priemysel |2 slo | |
| 650 | 4 | |a vetranie |2 slo | |
| 650 | 4 | |a zavesený sálavý panel |2 slo | |
| 650 | 4 | |a ventilation |2 eng | |
| 650 | 4 | |a industry |2 eng | |
| 650 | 4 | |a hang radiant panel |2 eng | |
| 700 | 1 | |a , |4 ths |X null |7 null | |
| 856 | 4 | |u http://is.stuba.sk/zp/portal_zp.pl?podrobnosti_zp=54210 | |
| 996 | |b 284V036884 |c V* 3213/HP-217 |l VVS |s P |a 0 |w stuzp54210_0001 | ||
| SQL | |a stuzp54210 |b DHP |c SLO |d Hygienické vetranie priemyselných halových objektov s chladným typom prevádzky |e 1647 |f Straková, Zuzana |g 010290 |h null |i , |j 20150929 |k null |l 01 |m http://is.stuba.sk/zp/portal_zp.pl?podrobnosti_zp=54210 | ||